000 00577nam a22001457a 4500
003 MACL
005 20190813164958.0
008 190813b xxu||||| |||| 00| 0 eng d
040 _cMACL
100 _aपाण्‍डेय,शैलेन्‍द्र
_976248
245 _aविभिन्‍न खेलों के नियम खेल और उनके नियमों की जानकारी
260 _aनई दिल्‍ली
_bज्ञानधारा पब्लिकेशन
_c2017
650 _aखेल
_953082
942 _2ddc
_cHIN
999 _c60744
_d60744